Länder Europas nach Fläche (mit Karte) - Statistiken

Allgemein
  • Dieses Quiz wurde 14 mal gespielt
  • Das Durchschnittsergebnis liegt bei 42 aus 43
Antworten auf der Karte
Die Antworten werden auf der Karte rot bzw. grün angezeigt, abhängig davon wie oft sie richtig erraten wurden.
 
Antwortstatistiken
Hint Antwort % Korrekt
28'748 km² Albanien
100%
207'600 km² Belarus
100%
30'528 km² Belgien
100%
51'197 km² Bosnien und Herzegowina
100%
110'879 km² Bulgarien
100%
2'209'180 km² Dänemark
100%
357'022 km² Deutschland
100%
45'228 km² Estland
100%
338'145 km² Finnland
100%
643'801 km² Frankreich
100%
131'957 km² Griechenland
100%
243'610 km² Grossbritannien
100%
70'273 km² Irland
100%
103'000 km² Island
100%
301'340 km² Italien
100%
56'594 km² Kroatien
100%
64'589 km² Lettland
100%
65'300 km² Litauen
100%
2'586 km² Luxemburg
100%
41'543 km² Niederlande
100%
323'802 km² Norwegen
100%
83'871 km² Österreich
100%
312'685 km² Polen
100%
92'090 km² Portugal
100%
238'391 km² Rumänien
100%
17'098'242 km² Russland
100%
450'295 km² Schweden
100%
41'277 km² Schweiz
100%
77'474 km² Serbien
100%
49'035 km² Slowakei
100%
20'273 km² Slowenien
100%
505'370 km² Spanien
100%
78'867 km² Tschechien
100%
603'550 km² Ukraine
100%
468 km² Andorra
92%
160 km² Liechtenstein
92%
2 km² Monaco
92%
25'713 km² Nordmazedonien
92%
61 km² San Marino
92%
93'028 km² Ungarn
92%
33'851 km² Moldau
83%
13'812 km² Montenegro
83%
316 km² Malta
75%
Keine übereinstimmenden Quizze gefunden
Verteilung der Resultate
Anzahl Personen mit jedem Resultat
Perzentil nach korrekt beantworteten Fragen
Ihre Resultats-Entwicklung
Sie haben dieses Quiz noch nicht gespielt